Phân lập một số dòng vi khuẩn Bacillus subtilis ở cao nuôi tôm công nghiệp : Chuyên ngành: công nghệ sinh học
Nội dung đề tài phân lập một số dòng vi khuẩn Bacillus subtilis, khảo sát một đặc tính sinh lý, sinh hóa như: hình dạng, chuyển động, kích thước, nhuộm Gram, nhuiộm bào tử...Nhận diện một số dòng vi khuẩn đã khảo sát bằng kỹ thuật PCR....
Zapisane w:
| 1. autor: | |
|---|---|
| Format: | Książka |
| Język: | Undetermined |
| Wydane: |
Cần Thơ
Trường Đại học Cần Thơ
2008
|
| Hasła przedmiotowe: | |
| Etykiety: |
Dodaj etykietę
Nie ma etykietki, Dołącz pierwszą etykiete!
|
| Thư viện lưu trữ: | Trung tâm Học liệu Trường Đại học Cần Thơ |
|---|
| LEADER | 01182nam a2200217Ia 4500 | ||
|---|---|---|---|
| 001 | CTU_137199 | ||
| 008 | 210402s9999 xx 000 0 und d | ||
| 082 | |a 660.6 | ||
| 082 | |b D513 | ||
| 088 | |a 60420201 | ||
| 100 | |a Lương, Bích Dung | ||
| 245 | 0 | |a Phân lập một số dòng vi khuẩn Bacillus subtilis ở cao nuôi tôm công nghiệp : | |
| 245 | 0 | |b Chuyên ngành: công nghệ sinh học | |
| 245 | 0 | |c Lương Bích Dung ; Nguyễn Hữu Hiệp giáo viên hướng dẫn | |
| 260 | |a Cần Thơ | ||
| 260 | |b Trường Đại học Cần Thơ | ||
| 260 | |c 2008 | ||
| 520 | |a Nội dung đề tài phân lập một số dòng vi khuẩn Bacillus subtilis, khảo sát một đặc tính sinh lý, sinh hóa như: hình dạng, chuyển động, kích thước, nhuộm Gram, nhuiộm bào tử...Nhận diện một số dòng vi khuẩn đã khảo sát bằng kỹ thuật PCR. | ||
| 650 | |a Công nghệ sinh học nông nghiệp,Agricultural biotechnology | ||
| 904 | |i Tuyến | ||
| 980 | |a Trung tâm Học liệu Trường Đại học Cần Thơ | ||